US Bridges - Statistics

General Stats
  • This quiz has been taken 50 times
  • The average score is 6 of 15
Answer Stats
Hint Answer % Correct
Manhattan-Brooklyn, NY Brooklyn Bridge
94%
San Francisco-Marin County, CA Golden Gate Bridge
91%
Fort Lee, NJ-New York City, NY George Washington Bridge
75%
Philadelphia, PA-Camden, NJ Benjamin Franklin Bridge
59%
Mackinaw City-St. Ignace, MI Mackinac Bridge
56%
San Francisco-Oakland, CA San Francisco-Oakland Bay Bridge
53%
Tacoma-Wollochet, WA Tacoma Narrows Bridge
38%
Brooklyn-Staten Island, NY Verrazano-Narrows Bridge
34%
Niagara Falls, NY-Niagara Falls, ON Rainbow Bridge
28%
Whitehall Manor-Stevensville, MD Chesapeake Bay Bridge
25%
Knight's Key-Little Dutch Key, FL 7 Mile Bridge
19%
St. Petersburg-Terra Ceia, FL Sunshine Skyway Bridge
19%
Washington DC-Arlington, VA Arlington Memorial Bridge
13%
Fayetteville-Lansing, WV New River Gorge Bridge
13%
Selma-Selmont, AL Edmund Pettus Bridge
9%
No matching quizzes found
Score Distribution
Percent of People with Each Score
Percentile by Number Answered
Your Score History
You have not taken this quiz